00338nam a2200121Ia 4500008004100000020001500041050001500056100002800071245004500099260003500144300002400179650001300203150202s9999 xx 000 0 und d a038055111X aFIC bFIC  aBuckley, William F. Jr. aSaving the queen /cWilliam F. Buckley. aNew York :bAvon Books,c1976. a286 pages :c18 cm. aFiction.